[Event "MSU Cup"]
[Site "Moscow"]
[Date "2024.04.24"]
[Round "8.4"]
[White "Sahakyan, Arman K"]
[Black "Bayrambayeva, Ogulsuray"]
[Result "1-0"]
[WhiteElo "2014"]
[BlackElo "1848"]
[PlyCount "69"]
[EventDate "2024.04.22"]
[EventType "team-tourn"]
[EventRounds "9"]
[EventCountry "RUS"]
[SourceTitle "CB18_2024"]
[SourceDate "2024.05.01"]
[SourceVersion "1"]
[SourceVersionDate "2024.05.01"]
[SourceQuality "2"]
[WhiteTeam "Armenia"]
[BlackTeam "Turkmenistan"]
[WhiteTeamCountry "ARM"]
[BlackTeamCountry "TKM"]

1. c4 Nf6 2. g3 e6 3. Bg2 d5 4. Nf3 Be7 5. 0-0 0-0 6. b3 c5 7. Bb2 Nc6 8. e3 Qc7 9. Nc3 a6 10. cxd5 exd5 11. d4 cxd4 12. Nxd4 Rd8 13. Rc1 Nxd4 14. Qxd4 Qd6 15. Nxd5 Ne8 16. Nb6 Qh6 17. Nxc8 Rxd4 18. Nxe7+ Kh8 19. Bxd4 Qe6 20. Nd5 Rc8 21. Nf4 Qd7 22. Bh3 f5 23. Rfd1 Rxc1 24. Rxc1 Kg8 25. Rc5 Nd6 26. Rd5 Qc6 27. Bxf5 Nxf5 28. Rxf5 b6 29. Nd5 Qc1+ 30. Kg2 Qc6 31. e4 Qd7 32. Rg5 Qe6 33. Rxg7+ Kf8 34. Re7 Qd6 35. Bg7+ 1-0

[Event "MSU Cup"]
[Site "Moscow"]
[Date "2024.04.23"]
[Round "4.4"]
[White "Bektemir Uulu, Kairat"]
[Black "Sahakyan, Arman K"]
[Result "0-1"]
[WhiteElo "1773"]
[BlackElo "2014"]
[PlyCount "98"]
[EventDate "2024.04.22"]
[EventType "team-tourn"]
[EventRounds "9"]
[EventCountry "RUS"]
[SourceTitle "CB18_2024"]
[SourceDate "2024.05.01"]
[SourceVersion "1"]
[SourceVersionDate "2024.05.01"]
[SourceQuality "2"]
[WhiteTeam "Kyrgyzstan"]
[BlackTeam "Armenia"]
[WhiteTeamCountry "KGZ"]
[BlackTeamCountry "ARM"]

1. d4 d5 2. Nf3 Nf6 3. Bf4 g6 4. e3 Bg7 5. Nbd2 0-0 6. Be2 c5 7. c3 Qb6 8. b3 cxd4 9. cxd4 Nc6 10. 0-0 Bf5 11. Nh4 Bd7 12. h3 Rac8 13. a3 Ne4 14. Nhf3 Nc3 15. Qe1 Nxe2+ 16. Qxe2 Na5 17. b4 Nc4 18. Nxc4 dxc4 19. Rfc1 Ba4 20. Nd2 c3 21. Ne4 c2 22. Nc5 Rxc5 23. bxc5 Qb3 24. Qd2 b6 25. cxb6 axb6 26. Qb4 b5 27. Qxe7 Qd5 28. Qd6 Qe4 29. Qc5 Re8 30. Ra2 Bf8 31. Qc3 g5 32. Be5 f6 33. Bg3 g4 34. Raxc2 gxh3 35. gxh3 Kh8 36. Rb2 b4 37. axb4 Bd7 38. b5 Qf3 39. b6 Bxh3 40. Qc6 Re4 41. Qxf6+ Qxf6 42. Kh2 Be6 43. b7 Rh4+ 44. Bxh4 Qxh4+ 45. Kg2 Bd5+ 46. e4 Qxe4+ 47. f3 Qxf3+ 48. Kg1 Qh1+ 49. Kf2 Qg2+ 0-1

[Event "MSU Cup"]
[Site "Moscow"]
[Date "2024.04.23"]
[Round "5.16"]
[White "Sahakyan, Arman K"]
[Black "Yurasova, Daria"]
[Result "1-0"]
[WhiteElo "2014"]
[BlackElo "2105"]
[PlyCount "99"]
[EventDate "2024.04.22"]
[EventType "team-tourn"]
[EventRounds "9"]
[EventCountry "RUS"]
[SourceTitle "CB18_2024"]
[SourceDate "2024.05.01"]
[SourceVersion "1"]
[SourceVersionDate "2024.05.01"]
[SourceQuality "2"]
[WhiteTeam "Armenia"]
[BlackTeam "SPbGU"]
[WhiteTeamCountry "ARM"]
[BlackTeamCountry "RUS"]

1. c4 e5 2. g3 Nf6 3. Bg2 c6 4. d4 e4 5. Nc3 d5 6. Nh3 Be7 7. Bg5 0-0 8. Bxf6 Bxf6 9. cxd5 cxd5 10. e3 Be6 11. Qb3 Qd7 12. Nf4 Rd8 13. 0-0 Nc6 14. Rac1 Bg5 15. Nxe6 fxe6 16. Bh3 Kh8 17. Na4 Be7 18. Qd1 Nb4 19. Nc5 Bxc5 20. Rxc5 Qe7 21. Qb3 Nc6 22. Rfc1 Rf8 23. Rb5 Rf7 24. a4 Raf8 25. Rf1 Nd8 26. a5 Qg5 27. Qc2 h5 28. Qxe4 a6 29. Rc5 b6 30. axb6 Nb7 31. Qxe6 Nxc5 32. dxc5 Rf6 33. Qd7 R6f7 34. f4 Qg6 35. Qxd5 h4 36. Qg5 Qd3 37. Qh5+ Kg8 38. Qf3 Re7 39. Rd1 Qc2 40. c6 hxg3 41. hxg3 Rxe3 42. Qxe3 Qxd1+ 43. Bf1 Qc2 44. c7 Qc6 45. Bg2 Qd7 46. Qb3+ Kh8 47. Qd5 Qg4 48. Qf3 Qf5 49. Qc3 Qb1+ 50. Kf2 1-0

[Event "Tsaghkadzor ChessMood op"]
[Site "Tsaghkadzor"]
[Date "2022.10.02"]
[Round "3"]
[White "Petrosian, Tigran L"]
[Black "Sahakyan, Arman K"]
[Result "1-0"]
[WhiteElo "2549"]
[BlackElo "2019"]
[PlyCount "87"]
[EventDate "2022.09.30"]
[EventType "swiss"]
[EventRounds "9"]
[EventCountry "ARM"]
[SourceTitle "CBM 210 Extra"]
[Source "ChessBase"]
[SourceDate "2022.11.30"]
[SourceVersion "1"]
[SourceVersionDate "2022.11.30"]
[SourceQuality "1"]

1. e4 c5 2. Nf3 Nc6 3. Bb5 e6 4. Bxc6 bxc6 5. e5 Ne7 6. d3 Ng6 7. 0-0 Qc7 8. Re1 f6 9. Qe2 Nxe5 10. Nxe5 Qxe5 11. Qxe5 fxe5 12. Rxe5 g6 13. Nd2 d5 14. Re1 Bd6 15. b3 Rf8 16. Bb2 Kd7 17. Nf3 Rf5 18. Re3 Bf4 19. Re2 Kd6 20. Rae1 Bd7 21. Be5+ Bxe5 22. Nxe5 Re8 23. g4 Rf4 24. Kg2 Bc8 25. Kg3 Ref8 26. h4 R8f6 27. f3 a5 28. Re3 Rf8 29. c4 R4f6 30. Rh1 Rf4 31. Rb1 R4f6 32. a3 Bd7 33. b4 cxb4 34. axb4 Rb8 35. c5+ Kc7 36. d4 Rff8 37. Ra3 Rb5 38. Rxa5 Rfb8 39. Rxb5 Rxb5 40. Kf4 Rb8 41. Kg5 Ra8 42. Kh6 Be8 43. Kxh7 Ra3 44. Kg7 1-0

[Event "EU-ch Amateur Online Final 1700/2000"]
[Site "Tornelo INT"]
[Date "2021.04.25"]
[Round "3"]
[White "Sahakyan, Arman K"]
[Black "Makris, Spyridon Dionysios"]
[Result "1-0"]
[WhiteElo "1743"]
[BlackElo "1935"]
[PlyCount "49"]
[EventDate "2021.04.25"]
[EventType "swiss (rapid)"]
[EventRounds "9"]
[EventCountry "NET"]
[SourceTitle "EXT 2023"]
[Source "ChessBase"]
[SourceDate "2022.10.05"]
[SourceVersion "1"]
[SourceVersionDate "2022.10.05"]
[SourceQuality "1"]

1. d4 Nf6 2. Nf3 e6 3. e3 d5 4. Bd3 Be7 5. 0-0 0-0 6. b3 b6 7. Bb2 Bb7 8. Ne5 Nbd7 9. Nd2 c5 10. f4 cxd4 11. exd4 Ne4 12. Nxe4 dxe4 13. Bc4 a6 14. a4 Rc8 15. f5 Nxe5 16. dxe5 exf5 17. e6 Bc5+ 18. Kh1 Qg5 19. exf7+ Kh8 20. Qd7 Rcd8 21. Qxb7 Rd2 22. Rg1 Rxc2 23. Ba3 Bxg1 24. Rxg1 Qe3 25. Qe7 1-0

[Event "EU-ch Amateur Online Final 1700/2000"]
[Site "Tornelo INT"]
[Date "2021.04.25"]
[Round "1"]
[White "Sahakyan, Arman K"]
[Black "Stefanidi, Maria Anna"]
[Result "1-0"]
[WhiteElo "1743"]
[BlackElo "1983"]
[PlyCount "35"]
[EventDate "2021.04.25"]
[EventType "swiss (rapid)"]
[EventRounds "9"]
[EventCountry "NET"]
[SourceTitle "EXT 2023"]
[Source "ChessBase"]
[SourceDate "2022.10.05"]
[SourceVersion "1"]
[SourceVersionDate "2022.10.05"]
[SourceQuality "1"]

1. d4 Nf6 2. Nf3 e6 3. e3 b6 4. Bd3 Bb7 5. Nbd2 Be7 6. b3 0-0 7. Bb2 d5 8. 0-0 Nbd7 9. Ne5 c5 10. f4 Rc8 11. Qf3 Qc7 12. Qh3 a6 13. Nxd7 Qxd7 14. dxc5 g6 15. cxb6 Rfd8 16. Nf3 h5 17. Ne5 Qb5 18. Bxb5 1-0

[Event "EU-ch Online U2300 Final"]
[Site "Chess.com INT"]
[Date "2020.05.26"]
[Round "7"]
[White "Sahakyan, Arman K"]
[Black "Musovic, Armin"]
[Result "0-1"]
[WhiteElo "1775"]
[BlackElo "2219"]
[PlyCount "114"]
[EventDate "2020.05.26"]
[EventType "swiss"]
[EventRounds "8"]
[EventCountry "NET"]
[SourceTitle "CBM 196 Extra"]
[Source "ChessBase"]
[SourceDate "2020.07.31"]
[SourceVersion "1"]
[SourceVersionDate "2020.07.31"]
[SourceQuality "1"]

1. c4 e5 2. g3 Nf6 3. Bg2 c6 4. Nc3 d5 5. d4 exd4 6. Qxd4 Be6 7. cxd5 cxd5 8. Bg5 Be7 9. Rd1 Nc6 10. Qa4 0-0 11. Nh3 d4 12. Nf4 Qc8 13. Bxf6 Bxf6 14. Ncd5 Bd8 15. 0-0 Bg4 16. h3 Bd7 17. Qa3 Re8 18. b4 a6 19. Kh2 Qb8 20. Qf3 Qe5 21. Rd2 Bg5 22. Rfd1 Be6 23. Rc2 Rad8 24. a3 h5 25. Nxe6 fxe6 26. Nb6 Rf8 27. Rc5 Qc7 28. Qxh5 Rxf2 29. Rxg5 Qxb6 30. Qg6 Qc7 31. Qxe6+ Qf7 32. Qxf7+ Kxf7 33. Rf1 Rf6 34. Rxf6+ gxf6 35. Rc5 d3 36. exd3 Rxd3 37. Bxc6 bxc6 38. Rxc6 Rxa3 39. h4 Ra4 40. Rb6 a5 41. Ra6 Rxb4 42. Rxa5 Kg6 43. Kh3 Rc4 44. Rd5 Rb4 45. Rd8 Ra4 46. Rg8+ Kf7 47. Rg4 Ra2 48. h5 Ra5 49. Kh4 Ra1 50. Rf4 Ke6 51. Kg4 Rb1 52. Re4+ Kf7 53. Kf4 Rf1+ 54. Kg4 f5+ 55. Kg5 fxe4 56. h6 e3 57. h7 Rh1 0-1

[Event "EU-ch Online U2300 Final"]
[Site "Chess.com INT"]
[Date "2020.05.26"]
[Round "4"]
[White "Sahakyan, Arman K"]
[Black "Ruperez Benito, Antonio"]
[Result "0-1"]
[WhiteElo "1775"]
[BlackElo "2356"]
[PlyCount "72"]
[EventDate "2020.05.26"]
[EventType "swiss"]
[EventRounds "8"]
[EventCountry "NET"]
[SourceTitle "CBM 196 Extra"]
[Source "ChessBase"]
[SourceDate "2020.07.31"]
[SourceVersion "1"]
[SourceVersionDate "2020.07.31"]
[SourceQuality "1"]

1. d4 e6 2. Nf3 Nf6 3. e3 c5 4. Bd3 d5 5. b3 Nc6 6. Bb2 Qc7 7. a3 b6 8. 0-0 Bb7 9. Nbd2 Bd6 10. c4 cxd4 11. exd4 0-0 12. Re1 Rac8 13. Ne5 Rfd8 14. cxd5 Nxd5 15. Rc1 Nf4 16. Ndf3 Nxd3 17. Nxd3 h6 18. h3 Qb8 19. Qe2 Ne7 20. Nde5 Bd5 21. b4 a5 22. b5 Qb7 23. Nh4 Nf5 24. Nxf5 exf5 25. f4 Be4 26. Qf2 Qd5 27. Nc6 Re8 28. a4 Qb3 29. Ra1 Bxc6 30. bxc6 Rxe1+ 31. Rxe1 Rxc6 32. Qe2 Rc2 33. Qe8+ Bf8 34. Qa8 Qxb2 35. Re8 Qxd4+ 36. Kh2 Qxf4+ 0-1

[Event "EU-ch Online U2300 Qual"]
[Site "Chess.com INT"]
[Date "2020.05.25"]
[Round "7"]
[White "Sahakyan, Arman K"]
[Black "Poghosyan, Suren"]
[Result "1-0"]
[WhiteElo "1775"]
[BlackElo "2275"]
[PlyCount "111"]
[EventDate "2020.05.25"]
[EventType "swiss"]
[EventRounds "8"]
[EventCountry "NET"]
[SourceTitle "EXT 2021"]
[Source "ChessBase"]
[SourceDate "2020.10.23"]
[SourceVersion "1"]
[SourceVersionDate "2020.10.23"]
[SourceQuality "1"]

1. d4 Nf6 2. c4 c5 3. d5 b5 4. cxb5 a6 5. bxa6 Bxa6 6. Nc3 g6 7. Nf3 Bg7 8. e4 Bxf1 9. Kxf1 d6 10. g3 0-0 11. Kg2 Nbd7 12. a4 Ra6 13. Qe2 Qa8 14. Nd2 e6 15. dxe6 fxe6 16. Nb5 Qc6 17. Rd1 d5 18. exd5 exd5 19. Nf3 d4 20. Nc7 Rxa4 21. Rxa4 Qxa4 22. Qe6+ Kh8 23. Re1 Qa7 24. Nb5 Qa8 25. Nd6 h6 26. Nf7+ Kh7 27. Nd6 Nb6 28. Ne4 Nbd5 29. Nxc5 Re8 30. Qa6 Qb8 31. Qb7 Qxb7 32. Nxb7 Rb8 33. Nc5 Rb4 34. Ne6 d3 35. Nxg7 Kxg7 36. Rd1 Rc4 37. Ne5 Rc2 38. Nxd3 Ng4 39. Re1 h5 40. h3 Ngf6 41. Bg5 Nd7 42. b4 Rc3 43. Nf4 N7b6 44. Re6 Nxf4+ 45. Bxf4 Nd5 46. Be5+ Kf7 47. Rd6 Rd3 48. b5 Nb4 49. Rxd3 Nxd3 50. Bd4 Ke6 51. b6 Nb4 52. Kf3 Nc6 53. Be3 Kd5 54. Kf4 Ne5 55. b7 Nd7 56. Ba7 1-0